| 000 | 01218cam a22003497a 4500 | ||
|---|---|---|---|
| 003 | CHAP | ||
| 005 | 20220329141138.0 | ||
| 008 | 971010s1973 r 00010 d | ||
| 010 | _a63374 | ||
| 011 | _a64346 | ||
| 035 | _a69651 | ||
| 040 | _cCHAP | ||
| 090 | _aFolleto 6665 | ||
| 100 | 0 | 0 |
_aLópez Mateos, Manuel. _968102 |
| 245 | 0 | _aFunciones reales | |
| 260 |
_aMéxico, D.F. : _bAsociación Nacional de Universidades e Institutos de Enseñanza Superior, _c1973 |
||
| 300 |
_a33 p. _b: ilus |
||
| 490 | 0 | _aTemas básicos. Matemáticas | |
| 590 |
_aBATCH-UPD _b10 _c20130110 _lUCH01 _h0019 |
||
| 590 |
_aBATCH-UPD _b10 _c20130110 _lUCH01 _h1717 |
||
| 590 |
_aBATCH-UPD _b10 _c20130409 _lUCH01 _h1958 |
||
| 590 |
_aBATCH-UPD _b10 _c20130410 _lUCH01 _h1102 |
||
| 590 |
_aBATCH-UPD _b10 _c20130914 _lUCH01 _h1450 |
||
| 590 |
_aCONVERSION _b10 _c20130109 _lUCH01 _h1334 |
||
| 650 | 1 | 4 |
_aFunciones de variables reales. _943960 |
| 830 | 0 |
_aTemas básicos. Matemáticas _9112134 |
|
| 901 | _aBK | ||
| 942 | _cFOLL | ||
| 949 |
_aFolleto 6665 _bBC _cTES _d-88839 _eTS1 _i69651 _si _t15.00 |
||
| 949 |
_aFolleto 6665 _bBC _cTES _d-88840 _eTS2 _fc.2 _i69651 _si _t15.00 |
||
| 949 |
_aFolleto 6665 _bBC _cTES _d-88841 _eTS2 _fc.3 _i69651 _si _t15.00 |
||
| 999 |
_c63374 _d63374 |
||